000 01079cam a2200313 a 4500
001 000009645
005 20200929161644.0
008 911023s1986 cu j b 001 d spa d
040 _aDO-SdBNP
_bspa
_cDLC
_dBNPHU
082 _aCu862.44
_bT253
245 0 0 _aTeatro juvenil /
_cselección y prólogo, Carlos Espinosa Domínguez ; edición Eduardo Heras León.
260 _aLa Habana, (Cuba) :
_bLetras Cubanas,
_c1986.
300 _a377 p. ;
_c18 cm.
490 1 _aGiraldilla
504 _aIncluye referencias bibliográficas.
650 4 _aTeatro cubano
_924517
650 4 _aTeatro cubano
_xColecciones
_924518
650 4 _aLiteratura cubana
_91483
700 1 _aEspinosa Domínguez, Carlos.
_epról.
_924519
700 1 _aHeras León, Eduardo
_eed.
_95800
700 1 _aTorrens Vega, Carlos
_924520
700 1 _aPedro, Alberto
_924521
700 1 _aGonzález González, José
_924522
700 1 _aSuárez Durán, Esther
_924523
700 1 _aRodríguez Paz, Lázaro
_924524
830 0 _aGiraldilla.
_98904
910 _aCatalogación por copia / LC
049 _aBNGR
999 _c9405
_d9405